[Event "19th Bangkok Open 2019"]
[Site "Bangkok"]
[Date "2019.04.06"]
[Round "1.1"]
[White "Short, Nigel D"]
[Black "Avinash Ramesh"]
[Result "1-0"]
[WhiteElo "2636"]
[BlackElo "1834"]
[Annotator "TA"]
[PlyCount "63"]
[EventDate "2019.04.06"]
[EventType "swiss"]
[EventCountry "THA"]
[SourceTitle "playchess.com"]
[Source "ChessBase"]
[SourceQuality "1"]

{[%evp 9,63,-42,-22,-26,-8,-8,2,-10,33,19,30,30,40,28,54,0,0,-33,-37,-37,23,12,9,-12,100,102,105,94,102,56,115,55,95,47,80,38,45,45,54,49,63,53,57,43,177,179,175,172,411,404,446,460,463,452,1582,1577]} 1. Nf3 Nf6 2. c4 g6 3. b4 Bg7 4. Bb2 O-O 5. g3 d5 (5... d6 6. Bg2 e5 7. O-O a5 8. a3 e4 9. Ng5 Re8 10. d3 exd3 11. exd3 Bg4 12. f3 Bf5 13. Qd2 d5 14. g4 Bc8 15. b5 Nbd7 16. Nc3 {0-1 (24) Bologan,V (2654)-Smirin,I (2676) Poikovsky 2016}) 6. Na3 {A15: English Opening: 1...Nf6} b6 7. Bg2 Bb7 8. O-O {The position is equal.} Na6 $146 {[%cal Bb8a6,Ba6c5,Bc5e4][%mdl 32]} ({Predecessor:} 8... Nbd7 9. Nd4 c5 10. Ndc2 Qc8 11. cxd5 Bxd5 12. Bxd5 Nxd5 13. Bxg7 Kxg7 {1-0 (39) Giffard,N (2395)-Varlet,N (2230) France 1998}) 9. b5 Nc5 10. d4 Nce4 11. Ne5 a6 12. Nc6 (12. bxa6 $14 Rxa6 13. cxd5) 12... Qd7 $11 13. Qc2 {Threatens to win with cxd5.} axb5 14. Ne5 Qd8 ({Black should play} 14... Qe6 $15 15. cxd5 Bxd5) 15. cxb5 Qd6 16. Nb1 Ra5 (16... Nd7 $11 {remains equal.}) 17. a4 $16 Rfa8 18. f3 Ng5 19. Nd2 Qd8 {[#]} (19... Ne6 $14) 20. Rfc1 (20. Nb3 $1 $16) 20... Ne8 21. f4 Ne6 22. Qb3 Nf8 23. e3 e6 24. Bc3 R5a7 25. Bb4 $36 {[%mdl 2048] White is pushing.} Nd7 26. Bf1 f6 (26... Bf8 $14) 27. Nc6 $18 Bxc6 28. Rxc6 ({Much less strong is} 28. bxc6 $6 Nb8 $16) 28... Kf7 $2 (28... Bf8 {might work better.}) 29. Rxe6 Nb8 ({Worse is} 29... Kxe6 {[#]} 30. Qxd5+ $1 {[%mdl 512]} Kxd5 31. Bc4#) 30. Re7+ {White is clearly winning.} Kg8 {If only Black now had time for ...Bf8....} 31. Bg2 Bf8 (31... c6 $142 32. Rxa7 Rxa7 33. bxc6 Nc7) 32. Qxd5+ {Accuracy: White = 66%, Black = 25%.} 1-0

[Event "19th Bangkok Open 2019"]
[Site "Bangkok"]
[Date "2019.04.06"]
[Round "1.2"]
[White "Manthan Kashyap Datta"]
[Black "Gustafsson, Jan"]
[Result "0-1"]
[WhiteElo "1832"]
[BlackElo "2633"]
[Annotator "TA"]
[PlyCount "58"]
[EventDate "2019.04.06"]
[EventType "swiss"]
[EventCountry "THA"]
[SourceTitle "playchess.com"]
[Source "ChessBase"]
[SourceQuality "1"]

{[%evp 19,58,0,0,-20,-14,-34,-29,-33,-13,-13,-8,-15,-16,-39,-43,-39,-14,-14,-14,-14,-14,-14,-26,-85,-81,-93,-90,-139,-114,-114,-120,-105,-89,-138,-122,-138,-93,-202,-206,-1241,-1180]} 1. e4 e5 2. Nf3 Nc6 3. Bb5 a6 4. Ba4 Nf6 5. O-O Be7 6. Re1 b5 7. Bb3 O-O 8. h3 Bb7 9. c3 d5 10. exd5 Nxd5 11. d4 {C88: Closed Ruy Lopez: Anti-Marshall Systems} (11. d3 Qd6 12. Nbd2 Rad8 13. Ne4 Qd7 14. a4 Kh8 15. axb5 axb5 16. d4 exd4 17. cxd4 f6 18. Nc3 Ncb4 19. Qe2 {1-0 (36) Kamsky,G (2705)-Bacrot,E (2709) Elista 2007}) 11... exd4 12. Nxd4 {[#] Nf5 is the strong threat.} Nxd4 13. cxd4 {Black has an edge.} Bb4 $146 ({Predecessor:} 13... c5 14. dxc5 Bxc5 15. Bxd5 Bxd5 16. Nc3 Be6 17. Qh5 Qb6 18. Ne4 Bd4 {0-1 (53) Terentev,M (2075)-Sotnikov,S (2225) Sochi 2018}) 14. Bd2 Bxd2 15. Qxd2 b4 16. Bd1 Qf6 {[#] White must now prevent ...Nf4.} 17. Bf3 Rfe8 18. a3 $1 Rxe1+ 19. Qxe1 Qxd4 20. axb4 {aiming for Nc3.} Qxb2 21. Bxd5 (21. Nd2 $11 Rb8 22. Rb1) 21... Bxd5 $17 22. Nc3 Bc6 23. Na4 Qf6 24. Nc5 Re8 25. Qd1 Rd8 26. Qf1 Bb5 $40 {[%mdl 128] Black has strong attack.} 27. Qc1 h5 28. Ra2 (28. Ne4 $17 Qe5 29. Ng5) 28... Rd4 $19 29. Qa1 $2 (29. Qe1) 29... Qd6 {Accuracy: White = 30%, Black = 84%.} 0-1

[Event "19th Bangkok Open 2019"]
[Site "Bangkok"]
[Date "2019.04.06"]
[Round "1.3"]
[White "Lalith Babu M R"]
[Black "Nadeem Aziz"]
[Result "1-0"]
[WhiteElo "2577"]
[BlackElo "1828"]
[Annotator "TA"]
[PlyCount "77"]
[EventDate "2019.04.06"]
[EventType "swiss"]
[EventCountry "THA"]
[SourceTitle "playchess.com"]
[Source "ChessBase"]
[SourceQuality "1"]

{[%evp 21,77,0,0,0,71,68,58,60,86,29,31,31,37,20,24,37,33,29,45,36,78,76,86,75,78,77,82,0,0,0,0,15,29,36,66,45,33,14,13,29,35,24,49,45,388,383,561,564,547,542,1796,1825,1584,1525,6391,6367,29996,29997]} 1. Nf3 Nf6 2. c4 e6 3. g3 d5 4. d4 Bb4+ 5. Bd2 Be7 6. Bg2 c6 7. Qc2 O-O 8. O-O b6 9. Rd1 Ba6 10. b3 Nbd7 11. Bf4 Rc8 12. Nc3 {E15: Queen's Indian: 4 g3 sidelines, 4 g3 Ba6 and 4 g3 Bb7 early deviations} b5 (12... h6 $11) 13. c5 $16 b4 14. Na4 {White is slightly better.} Bb5 15. Nb2 {[#]} (15. a3 $16) 15... a5 $146 ({Predecessor:} 15... Ne4 16. Nd3 Qa5 17. Bf1 Bxd3 18. Qxd3 Bf6 19. a3 Ndxc5 20. dxc5 Bxa1 21. Rxa1 bxa3 {½-½ (32) Hansen,C (2613)-Emms,J (2527) Esbjerg 2000}) 16. a3 Ne4 17. axb4 axb4 18. Nd3 $36 {[%mdl 2048] White has the initiative.} Nc3 19. Re1 Bxd3 20. Qxd3 Ra8 21. Bd2 e5 22. Rxa8 Qxa8 23. Qf5 ({Much weaker is} 23. dxe5 Nxc5 24. Qe3 N5e4 $11) 23... Rd8 24. Ng5 (24. Nxe5 $16 Nxe5 25. Bxc3 (25. dxe5 Qa2 $11) (25. Qxe5 Bf6 $11)) 24... Bxg5 $1 $11 25. Bxg5 f6 26. Be3 e4 27. Qe6+ Kh8 28. Bh3 Nf8 29. Qf7 Ng6 30. Kg2 Rf8 31. Qd7 Qa6 32. Bf5 Nxe2 $2 {[%mdl 8192] [#]} (32... Ra8 $1 $14) 33. h4 $1 $18 Qd3 (33... Ra8 $142 34. h5 Nf8) 34. h5 Nxd4 35. Bxd4 Qxd4 36. hxg6 {Rh1 would kill now.} Qc3 37. Re3 Qxc5 38. g4 {[#] Threatening mate with Rh3.} d4 39. Rh3 {Accuracy: White = 83%, Black = 42%.} 1-0

[Event "19th Bangkok Open 2019"]
[Site "Bangkok"]
[Date "2019.04.06"]
[Round "1.4"]
[White "Nodon, Jeremi"]
[Black "Sengupta, Deep"]
[Result "0-1"]
[WhiteElo "1827"]
[BlackElo "2551"]
[Annotator "TA"]
[PlyCount "50"]
[EventDate "2019.04.06"]
[EventType "swiss"]
[EventCountry "THA"]
[SourceTitle "playchess.com"]
[Source "ChessBase"]
[SourceQuality "1"]

{[%evp 18,50,0,0,2,1,16,0,16,-18,18,-9,-7,-13,-11,0,0,-9,-11,-11,-11,-15,-14,-7,-8,-8,-8,-134,-133,-394,-406,-394,-399,-29997,-29998]} 1. d4 Nf6 2. c4 e6 3. Nc3 Bb4 4. Qb3 c5 5. Nf3 Nc6 6. e3 O-O 7. Be2 cxd4 8. exd4 d5 9. O-O dxc4 10. Qxc4 Be7 {B14: Caro-Kann: Panov-Botvinnik Attack with 5...e6 and 5...g6} 11. a3 Nd5 12. Ne5 $146 ({Predecessor:} 12. Rd1 Na5 13. Qa2 b6 14. Nxd5 Qxd5 15. Qxd5 exd5 16. Bf4 Nb3 17. Rab1 Bf5 18. Bd3 {½-½ (39) Manolache,M (2394)-Cosma,I (2472) Targoviste 2001}) 12... Na5 {The position is equal.} 13. Qa2 Bf6 14. Ne4 Bxe5 15. dxe5 Qc7 16. Nd6 Nc6 17. f4 f6 18. Bc4 fxe5 19. Nxc8 Raxc8 20. Bxd5 exd5 21. Qxd5+ Kh8 22. g3 {[#]} (22. b4 $11 {remains equal.}) 22... Nd4 $1 $17 23. Bd2 $2 {[%mdl 8192] [#]} (23. Rb1 $17) 23... Ne2+ $1 $19 24. Kh1 Rfd8 25. Qa5 $2 (25. Ba5 $19 Rxd5 26. Bxc7 Rxc7 27. fxe5) 25... Qc6+ {Accuracy: White = 26%, Black = 70%.} 0-1

[Event "19th Bangkok Open 2019"]
[Site "Bangkok"]
[Date "2019.04.06"]
[Round "1.5"]
[White "Zhao, Zong-Yuan"]
[Black "Pheephacharakan, Pinatpong"]
[Result "1-0"]
[WhiteElo "2529"]
[BlackElo "1827"]
[Annotator "TA"]
[PlyCount "81"]
[EventDate "2019.04.06"]
[EventType "swiss"]
[EventCountry "THA"]
[SourceTitle "playchess.com"]
[Source "ChessBase"]
[SourceQuality "1"]

{[%evp 11,81,29,29,27,55,54,56,27,24,10,31,12,20,9,26,17,25,20,30,19,25,27,34,39,37,30,60,59,65,62,202,197,209,216,206,203,208,208,253,241,276,210,208,210,220,176,262,254,271,251,245,256,435,416,562,559,557,545,784,786,765,756,956,944,961,960,955,954,945,938,29994,29995]} 1. d4 Nf6 2. c4 e6 3. Nc3 Bb4 4. Nf3 O-O 5. Bg5 d5 6. e3 h6 7. Bh4 {D38: Queen's Gambit Declined: Ragozin Defence (4 Nf3 Bb4)} Nbd7 8. cxd5 exd5 9. Be2 {White is slightly better.} (9. Bd3 c6 10. Qc2 Re8 11. O-O Be7 12. Nd2 Nh5 13. Bxe7 Qxe7 14. Rab1 a5 15. a3 Nhf6 16. b4 axb4 17. axb4 b5 18. e4 dxe4 19. Ncxe4 Nxe4 20. Bxe4 {1-0 (74) Karjakin,S (2774)-Mamedyarov,S (2746) Almaty 2016}) 9... c6 10. O-O Re8 11. a3 $146 ({Predecessor:} 11. Qc2 Be7 12. Bg3 Nh5 13. Nxd5 Nxg3 14. Nxe7+ Qxe7 15. hxg3 {1-0 (46) Harikrishna,P (2668)-Kulhanek,T (2410) Kemer 2007}) 11... Bd6 12. b4 Nf8 13. b5 Ng6 14. Bg3 Bxg3 15. hxg3 cxb5 16. Bxb5 Bd7 17. Bd3 Qa5 18. Qb3 Ne7 19. Ne5 Be6 20. Rfc1 a6 (20... Rac8 $14) 21. Qxb7 $18 Ng4 22. Nxg4 Bxg4 23. Qb4 Qd8 24. a4 {[%cal Ba3a4,Ba4a5][%mdl 32]} h5 25. a5 Nf5 26. Bxf5 Bxf5 27. Qb6 Qd7 28. Ne2 {[%cal Bc3e2,Be2f4,Bf4d3,Bd3e5][%mdl 32]} Bg4 (28... Bd3 $142) 29. Nf4 g5 {[#]} 30. Nd3 $1 Qf5 31. Ne5 {aiming for f3.} Be2 $2 (31... Rab8 {might work better.}) 32. Rc7 Re6 33. Qb2 Bb5 34. Rxf7 Qxf7 35. Nxf7 Kxf7 36. Rc1 Rae8 37. Qb1 Kf6 38. Qh7 Bc4 39. Qh6+ Kf5 40. Qxh5 {[#] White threatens Qf7+ and mate.} Rb8 41. Qf7+ {Accuracy: White = 78%, Black = 39%.} 1-0

[Event "19th Bangkok Open 2019"]
[Site "Bangkok"]
[Date "2019.04.06"]
[Round "1.6"]
[White "Wongsawan, Thoetsak"]
[Black "Stella, Andrea"]
[Result "0-1"]
[WhiteElo "1827"]
[BlackElo "2512"]
[Annotator "ChessBase"]
[PlyCount "136"]
[EventDate "2019.04.06"]
[EventType "swiss"]
[EventCountry "THA"]
[SourceTitle "playchess.com"]
[Source "ChessBase"]
[SourceQuality "1"]
[TimeControl "40/5400+30:1800+30"]

1. d4 {[%emt 0:00:00]} Nf6 {[%emt 0:00:00]} 2. c4 {[%emt 0:00:08]} g6 {[%emt 0:00:04]} 3. Nc3 {[%emt 0:00:15]} d5 {[%emt 0:00:13]} 4. cxd5 {[%emt 0:00:08]} Nxd5 {[%emt 0:00:08]} 5. e4 {[%emt 0:00:08]} Nxc3 {[%emt 0:00:08]} 6. bxc3 {[%emt 0:00:02]} Bg7 {[%emt 0:00:12]} 7. Nf3 {[%emt 0:00:09]} c5 {[%emt 0:00:20]} 8. Rb1 {[%emt 0:00:05]} O-O {[%emt 0:00:20]} 9. Be2 {[%emt 0:00:03]} cxd4 {[%emt 0:00:14]} 10. cxd4 {[%emt 0:00:05]} Qa5+ {[%emt 0:00:17]} 11. Qd2 {[%emt 0:01:24]} Qxd2+ {[%emt 0:00:16]} 12. Bxd2 {[%emt 0:00:12]} e6 {[%emt 0:00:25]} 13. O-O {[%emt 0:00:37]} b6 {[%emt 0:00:13]} 14. Rfd1 {[%emt 0:00:57]} Bb7 {[%emt 0:00:27]} 15. d5 {[%emt 0:08:56]} exd5 {[%emt 0:00:11]} 16. exd5 {[%emt 0:00:04]} Nd7 {[%emt 0:00:06]} 17. Bc4 {[%emt 0:03:53]} Rfd8 {[%emt 0:07:17]} 18. Bf4 {[%emt 0:09:01]} Rac8 {[%emt 0:11:08]} 19. Bb3 {[%emt 0:03:37]} h6 {[%emt 0:55:15]} 20. Rbc1 {[%emt 0:05:44]} Rxc1 {[%emt 0:00:51]} 21. Rxc1 {[%emt 0:00:08]} Nc5 {[%emt 0:01:39]} 22. Bc4 {[%emt 0:07:36]} Ne4 {[%emt 0:04:06]} 23. Bc7 {[%emt 0:28:45]} Rd7 {[%emt 0:03:00]} 24. Bb8 {[%emt 0:03:39]} Bxd5 {[%emt 0:06:28]} 25. Bxd5 {[%emt 0:00:38]} Rxd5 {[%emt 0:00:02]} 26. Bxa7 {[%emt 0:00:32]} Nc3 {[%emt 0:00:10]} 27. Kf1 {[%emt 0:02:17]} Rb5 {[%emt 0:00:44]} 28. a3 {[%emt 0:01:53]} Rb2 {[%emt 0:01:56]} 29. g3 {[%emt 0:03:30]} Ne4 {[%emt 0:01:32]} 30. Re1 {[%emt 0:04:40]} Rxf2+ {[%emt 0:00:23]} 31. Kg1 {[%emt 0:00:13]} Rxf3 {[%emt 0:00:02]} 32. Rxe4 {[%emt 0:00:19]} b5 {[%emt 0:02:53]} 33. Bc5 {[%emt 0:01:12]} Rc3 {[%emt 0:01:07]} 34. Bb4 {[%emt 0:00:52]} Rc2 {[%emt 0:02:25]} 35. Re8+ {[%emt 0:15:48]} Kh7 {[%emt 0:00:02]} 36. Rd8 {[%emt 0:00:00]} g5 {[%emt 0:01:17]} 37. g4 {[%emt 0:00:00]} Rc4 {[%emt 0:01:57]} 38. h3 {[%emt 0:00:00]} Bc3 {[%emt 0:00:09]} 39. Bf8 {[%emt 0:00:00]} Bd4+ {[%emt 0:00:56]} 40. Kg2 {[%emt 0:00:00]} Bc5 {[%emt 0:00:00]} 41. Bxc5 {[%emt 0:00:48]} Rxc5 {[%emt 0:00:25]} 42. Rb8 {[%emt 0:01:09]} Kg7 {[%emt 0:01:47]} 43. Rb7 {[%emt 0:00:21]} Kf6 {[%emt 0:01:39]} 44. Rb6+ {[%emt 0:01:03]} Ke5 {[%emt 0:01:01]} 45. Kf3 {[%emt 0:06:47]} Rc3+ {[%emt 0:17:01]} 46. Kg2 {[%emt 0:00:25]} Rb3 {[%emt 0:00:44]} 47. Kh2 {[%emt 0:03:03]} Rb2+ {[%emt 0:03:08]} 48. Kg3 {[%emt 0:00:22]} Rb3+ {[%emt 0:00:02]} 49. Kg2 {[%emt 0:00:16]} f6 {[%emt 0:00:28]} 50. Kh2 {[%emt 0:00:47]} f5 {[%emt 0:00:08]} 51. gxf5 {[%emt 0:01:30]} Kxf5 {[%emt 0:01:46]} 52. Rxh6 {[%emt 0:07:27]} Rxa3 {[%emt 0:00:05]} 53. Rb6 {[%emt 0:00:11]} Rb3 {[%emt 0:00:04]} 54. Kg2 {[%emt 0:00:14]} b4 {[%emt 0:01:17]} 55. Rb8 {[%emt 0:02:10]} Ke4 {[%emt 0:04:52]} 56. Rg8 {[%emt 0:02:11]} Re3 {[%emt 0:03:40]} 57. Rxg5 {[%emt 0:00:50]} b3 {[%emt 0:00:05]} 58. Rb5 {[%emt 0:00:45]} Kd4 {[%emt 0:00:06]} 59. h4 {[%emt 0:00:32]} Kc4 {[%emt 0:01:38]} 60. Rb8 {[%emt 0:08:08]} Re5 {[%emt 0:00:04]} 61. Rf8 {[%emt 0:02:14]} b2 {[%emt 0:00:42]} 62. Rf1 {[%emt 0:00:18]} Re4 {[%emt 0:00:45]} 63. Kg3 {[%emt 0:00:09]} Kb3 {[%emt 0:00:05]} 64. h5 {[%emt 0:01:35]} Ka2 {[%emt 0:00:33]} 65. Rf2 {[%emt 0:01:12]} Ka1 {[%emt 0:00:24]} 66. Rf1+ {[%emt 0:00:23]} b1=Q {[%emt 0:00:12]} 67. Rxb1+ {[%emt 0:00:33]} Kxb1 {[%emt 0:00:05]} 68. Kf3 {[%emt 0:00:31]} Rh4 {[%emt 0:00:05]} 0-1

[Event "19th Bangkok Open 2019"]
[Site "Bangkok"]
[Date "2019.04.06"]
[Round "1.7"]
[White "Karthik Venkataraman"]
[Black "Calacday, Henry"]
[Result "1-0"]
[WhiteElo "2505"]
[BlackElo "1820"]
[Annotator "TA"]
[PlyCount "77"]
[EventDate "2019.04.06"]
[EventType "swiss"]
[EventCountry "THA"]
[SourceTitle "playchess.com"]
[Source "ChessBase"]
[SourceQuality "1"]

{[%evp 16,77,39,29,53,47,65,57,81,81,85,92,89,82,87,76,89,81,89,86,77,73,162,54,147,144,122,128,150,107,134,137,134,141,137,114,120,137,158,160,265,12,272,258,267,264,253,264,306,298,320,329,330,329,315,321,307,298,427,414,1013,984,1297,1266]} 1. c4 g6 2. g3 Bg7 3. Bg2 d6 4. Nc3 Nc6 5. b3 e5 6. Bb2 f5 7. e3 Nf6 8. Nge2 O-O 9. O-O g5 {A25: English Opening vs King's Indian with ...Nc6 but without early d3} (9... e4 10. d3 exd3 11. Qxd3 Be6 12. Rad1 Bf7 13. Qd2 g5 14. Nd4 Nxd4 15. exd4 f4 16. Bxb7 Rb8 17. Bg2 {0-1 (60) Lai,H (2557)-Fier,A (2493) Amsterdam 2017}) 10. f4 gxf4 11. exf4 ({Reject} 11. gxf4 e4 $11) 11... e4 {White is slightly better.} 12. d3 $1 Ng4 13. Qd2 e3 14. Qc1 Nb4 15. Qb1 $1 Nf2 16. Nc1 $146 ({Predecessor:} 16. Nd5 Bxb2 17. Qxb2 Nbxd3 {1-0 (26) Sehner,N (2285)-Paulsen,D (2360) Germany 1985}) 16... c6 17. a3 Na6 18. b4 Qe8 {[#]} (18... Qe7 $16 {was worth a try.}) 19. N3e2 (19. Nd1 $1 $18) 19... Qh5 ({Black should try} 19... Qg6 $14) 20. Bxg7 $16 Kxg7 21. Qb2+ Rf6 22. Qd4 Ng4 {[%csl Gg4][%cal Rh5h2]} 23. h3 Nf2 24. Qxe3 Nxh3+ 25. Bxh3 Qxh3 26. Qe7+ Kg6 {[#]} 27. Rf2 $1 {[%cal Rf2h2]} Re6 (27... Qh6 $16 28. g4 (28. Rh2 Qg7 $16) 28... fxg4) 28. Qg5+ $18 ({Not} 28. Qf8 Qh6 $14) 28... Kf7 29. Rh2 h6 30. Rxh3 hxg5 31. fxg5 Rg6 32. Rh5 Bd7 33. Nf4 Rg7 34. Nce2 Rag8 35. g6+ Kf6 36. Rf1 Ke7 (36... Nc7 {might work better.} 37. Rh2 Re7) 37. Nd4 c5 (37... Nc7 $142 38. Nxf5+ Bxf5) 38. Re1+ Kd8 39. Nde6+ {Accuracy: White = 86%, Black = 46%.} 1-0

[Event "19th Bangkok Open 2019"]
[Site "Bangkok"]
[Date "2019.04.06"]
[Round "1.8"]
[White "Frost, Peter"]
[Black "Ly, Moulthun"]
[Result "0-1"]
[WhiteElo "1810"]
[BlackElo "2490"]
[Annotator "TA"]
[PlyCount "72"]
[EventDate "2019.04.06"]
[EventType "swiss"]
[EventCountry "THA"]
[SourceTitle "playchess.com"]
[Source "ChessBase"]
[SourceQuality "1"]

{[%evp 11,72,4,0,-28,-22,-31,-14,-21,-18,-23,-18,-14,-19,-55,-23,-65,-60,-68,-51,-57,-47,-64,-42,-45,-48,-52,-45,-50,-61,-57,-58,-61,-36,-116,-119,-118,-113,-116,-107,-178,-125,-209,-132,-145,-146,-182,-181,-181,-184,-210,-211,-210,-212,-264,-250,-263,-259,-331,-319,-325,-302,-1233,-1202]} 1. b3 d5 2. Bb2 Nf6 3. e3 Bf5 4. Nf3 e6 5. c4 c6 6. Be2 h6 7. cxd5 {A12: English Opening: 1...c6 with b3 by White} (7. Nc3 Nbd7 8. d4 Ne4 9. Nxe4 Bxe4 10. O-O Bd6 11. h3 O-O 12. Nd2 Bh7 13. a3 Qe7 14. b4 a6 {0-1 (52) Bacrot,E (2695)-Meier,G (2630) chess.com INT 2017}) 7... exd5 8. O-O Be7 9. d4 $146 {The position is equal.} ({Predecessor:} 9. Ne5 Nbd7 10. Bd3 Bxd3 11. Nxd3 O-O 12. Nc3 Re8 13. Ne2 Bd6 14. Ng3 Ne5 15. Nf4 Qd7 16. Nfh5 Nxh5 {½-½ (16) Kostrun,S (2337)-Matko,O (2241) Zagreb 2010}) 9... Nbd7 10. Nbd2 O-O 11. Ne5 a5 {[%cal Ba7a5,Ba5a4][%mdl 32]} 12. Kh1 {[#]} a4 $1 {[%mdl 512]} 13. Nxd7 (13. bxa4 Nb6) 13... Nxd7 14. Nf3 Qa5 15. Bd3 Be4 16. Rc1 axb3 17. axb3 Nf6 18. Ra1 Qb4 19. Qc2 Bxd3 20. Qxd3 Ne4 21. Kg1 Bf6 22. Ne5 (22. Qc2 $15) 22... Bxe5 $17 23. dxe5 Qd2 24. Qb1 Qe2 25. Bc1 (25. Ba3 $17 Rfe8 26. Bd6) 25... Rfe8 (25... c5 $19 26. Qb2 Qd3) 26. f3 (26. Ba3 $17) 26... Nd2 27. Bxd2 Qxd2 28. Qc1 {[#]} Qd3 $1 29. Rxa8 Rxa8 $19 {[%mdl 4096] Endgame KQR-KQR} 30. b4 Ra2 {( -> ...Qe2)} 31. Rf2 Ra3 $40 {[%mdl 128] Black attacks with force.} 32. f4 Rb3 (32... Qxe3 33. Qxe3 Rxe3 34. b5 $17) 33. Rf1 Qe4 ({Resist} 33... Qxe3+ 34. Qxe3 Rxe3 35. b5 $17) 34. Re1 Rxb4 ({Don't do} 34... Qxb4 35. Qd1 $19) 35. h3 Rc4 36. Qb1 $2 (36. Qd1) 36... Rc2 {Accuracy: White = 38%, Black = 64%.} 0-1

[Event "19th Bangkok Open 2019"]
[Site "Bangkok"]
[Date "2019.04.06"]
[Round "1.9"]
[White "Swapnil, S. Dhopade"]
[Black "Rindhiya V"]
[Result "1-0"]
[WhiteElo "2488"]
[BlackElo "1803"]
[Annotator "TA"]
[PlyCount "63"]
[EventDate "2019.04.06"]
[EventType "swiss"]
[EventCountry "THA"]
[SourceTitle "playchess.com"]
[Source "ChessBase"]
[SourceQuality "1"]

{[%evp 10,63,11,-3,45,21,27,16,25,20,34,31,40,40,68,63,66,59,77,64,75,47,42,25,78,57,114,75,107,82,111,89,132,132,132,131,198,197,204,197,183,162,159,145,167,170,357,355,363,360,352,347,424,421,440,419]} 1. d4 d5 2. c4 c6 3. Nf3 e6 4. Bg5 Be7 5. Bxe7 Qxe7 6. Nbd2 f5 {D30: Queen's Gambit Declined: Systems without Nc3} (6... Nf6 7. g3 O-O 8. Bg2 b6 9. O-O Bb7 10. Ne5 Nbd7 11. Nxd7 Nxd7 12. Rc1 Rfd8 13. Qb3 Rab8 14. Rfd1 {½-½ (36) Radjabov,T (2741)-Rapport,R (2692) Palma de Mallorca 2017}) 7. g3 Nf6 8. Bg2 O-O {The position is equal.} 9. O-O Nbd7 10. Rc1 $146 ({Predecessor:} 10. Ne5 Nxe5 11. dxe5 Ng4 12. Nf3 f4 13. h3 Nh6 14. g4 {½-½ (41) Cortese,A (2003)-Musso,M (2023) Torino 2011}) 10... Ne4 11. e3 Ndf6 12. Ne5 $36 {[%mdl 2048] White is more active.} Bd7 13. f3 Nd6 14. Qb3 b5 15. cxb5 cxb5 16. Qa3 Rfc8 (16... a5 $11) 17. Rxc8+ Nxc8 (17... Rxc8 $14 18. Qxa7 Qd8) 18. Qa5 Nb6 19. b3 Qd6 20. Rc1 Rc8 21. Rxc8+ Nxc8 22. Bf1 a6 (22... Qb6 $16 {might work better.} 23. Qxb6 axb6) 23. Nxd7 $18 Qxd7 24. Qxa6 Nd6 25. Qb6 Nfe8 26. Nb1 Qc7 27. Qc5 Qd7 $2 {[#]} (27... b4 28. Qxb4 Qc1) 28. Nc3 Nc7 29. a4 bxa4 30. bxa4 {[%cal Bb3a4,Ba4a5][%mdl 32]} Nce8 31. a5 h6 32. Nb5 {Accuracy: White = 66%, Black = 37%.} 1-0

[Event "19th Bangkok Open 2019"]
[Site "Bangkok"]
[Date "2019.04.06"]
[Round "1.10"]
[White "Ashwin, Hariharan"]
[Black "Vasquez Schroeder, Rodrigo"]
[Result "1/2-1/2"]
[WhiteElo "1801"]
[BlackElo "2487"]
[Annotator "TA"]
[PlyCount "74"]
[EventDate "2019.04.06"]
[EventType "swiss"]
[EventCountry "THA"]
[SourceTitle "playchess.com"]
[Source "ChessBase"]
[SourceQuality "1"]

{[%evp 22,74,10,5,11,16,31,16,11,21,20,0,22,17,38,44,41,47,70,65,68,40,40,40,40,41,52,41,49,48,61,41,41,41,59,41,41,41,41,0,41,41,67,41,41,0,72,0,50,48,48,48,45,38,38]} 1. e4 e5 2. Nf3 Nc6 3. Bc4 Bc5 4. c3 {[%cal Bc2c3,Bc3d4][%mdl 32]} Nf6 5. d4 exd4 6. cxd4 Bb4+ 7. Bd2 Bxd2+ 8. Nbxd2 d5 9. exd5 Nxd5 10. Qb3 Nce7 11. O-O O-O 12. Rfe1 {LiveBook: 186 Games} a5 {C54: Giuoco Piano: 4 c3 Nf6, main lines with 5 d4 and 5 d3} (12... c6 13. Ne4 Nb6 14. Bd3 Ned5 15. Nc5 Nf6 16. Rac1 Rb8 17. Qa3 a6 18. Qb3 Qc7 19. Ne4 Nfd5 20. Nc3 Qd6 21. Be4 {½-½ (36) Jones,G (2640)-Karjakin,S (2753) Wijk aan Zee 2018 CBM 183 [Fernandez,D]}) 13. a3 $146 ({Predecessor:} 13. a4 b6 14. Rac1 Bb7 15. Ne5 f6 16. Nd3 Kh8 17. Qd1 Qd7 18. Bb5 c6 19. Bc4 Ba6 20. b3 {1-0 (76) De Groot,K (2092)-Chabot,C (2018) Chessfriend.com 2003}) 13... a4 14. Qd1 c6 {The position is equal.} 15. Ne4 Bg4 16. h3 Bxf3 17. Qxf3 Nb6 18. Ba2 Ned5 19. Nc5 Qc7 20. Re5 Rfe8 21. Bxd5 Nxd5 22. Rxe8+ Rxe8 23. Nxa4 h6 24. Nc3 Rd8 25. Rd1 Qb6 26. Rd2 Nxc3 27. Qxc3 $14 {[%mdl 4096] Endgame KQR-KQR} Rd5 28. b4 Qd8 29. g3 Qd7 30. Kg2 Rh5 31. h4 Rf5 32. Qc4 Rd5 33. Qc3 Rf5 34. Qc4 (34. Re2 $16) 34... g6 35. Re2 {White is slightly better.} Rd5 36. Re4 h5 37. Qe2 Kf8 {Precision: White = 55%, Black = 42%.} 1/2-1/2